000 00558nam a22001937a 4500
005 20240924104020.0
008 240924b |||||||| |||| 00| 0 eng d
020 _a0409004693
022 _a0409004480
041 _aEnglish
082 _a349 JOU
100 _lEnglish
245 _aThe Law of South Africa /
_cWA Joubert and JA Faris
250 _aFirst Reissue
260 _aDurban:
_bButterworth Publishers (Pty) Ltd,
_c1998
300 _bvii,318 pages;
_c26 cm.
650 _aLegal practice
_bLaw
942 _cBK
_6ALISON_BN_VRIES
999 _c3105
_d3105